แสดงรายละเอียดบรรณานุกรม
  กลับหน้าหลัก

Brief Record : Get Marc (ISO 2709) : E-mail record : QR code ปิดหน้าต่าง
LEADER 00000nam 2200000uu 4500
001    211890
003     ULIBM
008    020711s2559 th a 000 0 tha d
041    ^atha
050  4 DS586 ร294 2559
245    รักษ์คน รักษ์น้ำ รักษ์ป่า : ปณิธานองค์พระราชาสู่ปวงประชาชาวไทย/^cบริษัท ผลิตไฟฟ้าราชบุรีโฮลดิ้ง จำกัด (มหาชน)
260    นนทบุรี :^bบริษัท ผลิตไฟฟ้าราชบุรีโฮลดิ้ง จำกัด (มหาชน),^c2559
300    155 หน้า :^bภาพประกอบ ;^c21 ซม.
650  4 ภูมิพลอดุลยเดช,พระบาทสมเด็จพระปรมินทรมหา,2470-2559^xพระราชกรณียกิจ
650  4 ^aโครงการอันเนื่องมาจากพระราชดำริ
650  4 ^aป่าไม้และการป่าไม่^xแง่สิ่งแวดล้อม
700 0  ^aบุญทิวา ด่านสมสถิต
710 2  ^aบริษัท ผลิตไฟฟ้าราชบุรีโฮลดิ้ง จำกัด (มหาชน)
999    ^aใช้งานได้ทุกระบบ
รายการนี้ยังไม่มีแท็ก
คุณยังไม่ได้ล็อกอิน คุณสามารถมีกิจกรรมร่วมกับเว็บไซต์ได้ แต่ต้องล็อกอินก่อน ::
  ล็อกอิน
ลำดับที่ ประเภท เลขเรียก สถานที่ สถานะ
1. หนังสือทั่วไป
หนังสือทั่วไป
DS586 ร294 2559  
  
หนังสือทั่วไป On Shelf
  ขอยืม
2. หนังสือทั่วไป
หนังสือทั่วไป
DS586 ร294 2559 ฉ.2 
  
หนังสือทั่วไป On Shelf
  ขอยืม
   [แสดง 2/2 รายการ]

รายการใกล้เคียง
    หัวเรื่อง [โครงการอันเนื่องมาจากพระราชดำริ]

BibComment


ยังไม่เคยถูกคอมเมนท์

คอมเมนท์ทรัพยากรรายการนี้
  คอมเมนท์: รักษ์คน รักษ์น้ำ ..
Bib 211890

 
 
 

 Union Library Management : ULibM
Copyright 2026. All Rights Reserved.
скачать бесплатно без регистрации порно красивый секс HD Sex Hindi sex

xxx gou

xxxx

bfxxx

xxxwww

Секса Видео

xxxx

Секса Видео

detube

geilexxx

C99 Shell

worms shell

blod xxx video
Ebony Coed Rihanna Rimes Takes A Dick In Her Young Twat priyaa indian fuck anal and pusssy hardcore indian women xxx desi hardcore fucking part 1 bengalixxxcouple